[Event "HUN-chT U18"]
[Site "Budapest"]
[Date "2022.11.01"]
[Round "3.3"]
[White "Horvath, David Richard"]
[Black "Magyar, Erik Ferenc"]
[Result "0-1"]
[WhiteElo "1174"]
[BlackElo "1533"]
[PlyCount "142"]
[EventDate "2022.10.31"]
[EventType "team-swiss"]
[EventRounds "7"]
[EventCountry "HUN"]
[SourceTitle "CBM 211 Extra"]
[Source "ChessBase"]
[SourceDate "2023.01.31"]
[SourceVersion "1"]
[SourceVersionDate "2023.01.31"]
[SourceQuality "1"]
[WhiteTeam "Barcza GSC II"]
[BlackTeam "Varosgazda Akademia"]
[WhiteTeamCountry "HUN"]
[BlackTeamCountry "HUN"]

1. e4 e5 2. Nc3 d6 3. Bc4 Be7 4. d3 Nf6 5. f4 Bg4 6. Nf3 Nc6 7. h3 Bxf3 8. Qxf3 Nd4 9. Qf2 0-0 10. 0-0 c6 11. Bb3 Nxb3 12. axb3 a6 13. fxe5 dxe5 14. Be3 Nd7 15. Ne2 Bg5 16. Ng3 g6 17. Qd2 Qb6 18. Bxb6 Bxd2 19. Bc7 Be3+ 20. Kh1 Bc5 21. Ba5 Kg7 22. Rf3 h5 23. Raf1 f6 24. Ne2 g5 25. g4 hxg4 26. hxg4 Rh8+ 27. Kg2 Rh4 28. Rh3 Rxg4+ 29. Kf3 Rh4 30. Rxh4 gxh4 31. Rh1 Rh8 32. Be1 Nf8 33. Rxh4 Rxh4 34. Bxh4 Ne6 35. c3 Kg6 36. Bf2 Bxf2 37. Kxf2 Nc5 38. Ke3 Nxb3 39. Ng3 Kf7 40. Nf5 Ke6 41. Ke2 b5 42. Kd1 a5 43. Ng7+ Kd7 44. Nf5 Nc5 45. Kc2 Ne6 46. Kb3 Nf4 47. Kc2 Ng6 48. Kd2 Ne7 49. Ng7 Nc8 50. Nh5 Ke7 51. Ng3 Nd6 52. Kc2 Ke6 53. Nh1 f5 54. exf5+ Kxf5 55. Nf2 Kf4 56. Nh3+ Kg4 57. Ng1 Nf7 58. Kd2 Ng5 59. Ke3 Kg3 60. Ne2+ Kg4 61. Ng1 Kf5 62. Ne2 c5 63. Nc1 a4 64. d4 exd4+ 65. cxd4 c4 66. Ne2 Ne4 67. d5 Ke5 68. Nd4 Nd6 69. Ne2 Kxd5 70. Nc3+ Kc5 71. Kf4 Kd4 0-1

[Event "HUN-chT2 Erkel 1819"]
[Site "Hungary"]
[Date "2019.04.28"]
[Round "9.11"]
[White "Slezak, Daniel Robert"]
[Black "Magyar, Erik Ferenc"]
[Result "1-0"]
[WhiteElo "1792"]
[BlackElo "1522"]
[PlyCount "71"]
[EventDate "2018.10.28"]
[EventType "team-tourn"]
[EventRounds "9"]
[EventCountry "HUN"]
[SourceTitle "EXT 2021"]
[Source "ChessBase"]
[SourceDate "2020.10.23"]
[SourceVersion "1"]
[SourceVersionDate "2020.10.23"]
[SourceQuality "1"]
[WhiteTeam "Vac"]
[BlackTeam "Varosgazda Akademia"]
[WhiteTeamCountry "HUN"]
[BlackTeamCountry "HUN"]

1. Nf3 d5 2. g3 Nf6 3. Bg2 c6 4. 0-0 Bf5 5. d3 Nbd7 6. Nbd2 e6 7. c4 Bd6 8. b3 Ne5 9. Bb2 Nxf3+ 10. Nxf3 0-0 11. e4 dxe4 12. Bxf6 Qxf6 13. dxe4 Bxe4 14. Qxd6 Bxf3 15. Bxf3 Qxf3 16. Rfd1 Qf6 17. Qc7 Rab8 18. Rab1 Rfc8 19. Qa5 a6 20. Rd7 Kf8 21. Rbd1 Ke8 22. Rc7 Qf3 23. Rdd7 c5 24. Re7+ Kf8 25. Rxf7+ Qxf7 26. Qxc5+ Ke8 27. Rxc8+ Rxc8 28. Qxc8+ Ke7 29. Qxb7+ Kf6 30. Qxf7+ Kxf7 31. f4 e5 32. fxe5 Ke6 33. Kf2 Kxe5 34. Ke3 h5 35. b4 g5 36. a4 1-0

[Event "HUN-chT2 Erkel 1718"]
[Site "Hungary"]
[Date "2018.03.25"]
[Round "10.12"]
[White "Magyar, Erik Ferenc"]
[Black "Benedek, Istvan1111"]
[Result "0-1"]
[WhiteElo "1472"]
[BlackElo "1924"]
[PlyCount "72"]
[EventDate "2017.09.24"]
[EventType "team-tourn"]
[EventRounds "11"]
[EventCountry "HUN"]
[SourceTitle "EXT 2021"]
[Source "ChessBase"]
[SourceDate "2020.10.23"]
[SourceVersion "1"]
[SourceVersionDate "2020.10.23"]
[SourceQuality "1"]
[WhiteTeam "Sarkany DSE"]
[BlackTeam "Szigetszentmiklos"]
[WhiteTeamCountry "HUN"]
[BlackTeamCountry "HUN"]

1. e4 c5 2. Nf3 Nc6 3. c4 e5 4. d3 Be7 5. Nc3 d6 6. Be2 f5 7. Nd5 Nf6 8. Nxf6+ Bxf6 9. 0-0 0-0 10. Ne1 Nd4 11. f3 Qe8 12. Nc2 Qg6 13. Nxd4 exd4 14. Bf4 Bh4 15. Kh1 Bd7 16. g3 Be7 17. Bd2 Rf6 18. b4 b6 19. b5 Raf8 20. Bf4 Qh5 21. e5 Re6 22. exd6 Bxd6 23. Bxd6 Rxd6 24. f4 Qh3 25. Bf3 Rh6 26. Qd2 Qxg3 27. Bd5+ Kh8 28. Rg1 Qh4 29. Rg5 Re8 30. Rag1 Re7 31. Qg2 Qxf4 32. Rxg7 Rxh2+ 33. Qxh2 Qxh2+ 34. Kxh2 Rxg7 35. Re1 h6 36. Be6 Re7 0-1

[Event "Budapest Gyorgy Memorial 2nd"]
[Site "Budapest"]
[Date "2017.10.15"]
[Round "6.3"]
[White "Magyar, Erik Ferenc"]
[Black "Cimpean, Andra"]
[Result "0-1"]
[WhiteElo "1459"]
[BlackElo "1899"]
[PlyCount "80"]
[EventDate "2017.10.12"]
[EventType "swiss"]
[EventRounds "7"]
[EventCountry "HUN"]
[SourceTitle "EXT 2019"]
[Source "ChessBase"]
[SourceDate "2018.10.10"]
[SourceVersion "1"]
[SourceVersionDate "2018.10.10"]
[SourceQuality "1"]

1. e4 Nf6 2. e5 Nd5 3. c4 Nb6 4. d4 d6 5. exd6 cxd6 6. Nc3 g6 7. Be3 Bg7 8. Be2 0-0 9. b3 Nc6 10. Rc1 Bf5 11. Nf3 d5 12. c5 Nc8 13. 0-0 Bg4 14. h3 Bxf3 15. Bxf3 e6 16. Re1 N8e7 17. Qd2 Nf5 18. Ne2 Nxe3 19. fxe3 Bh6 20. Rcd1 Re8 21. Nc1 Bg5 22. Qc3 Bh4 23. Re2 Ne7 24. Red2 Rc8 25. b4 a6 26. a4 Qd7 27. Qb3 Bg5 28. Rd3 Red8 29. Rc3 Nc6 30. Kf2 Qc7 31. g3 h5 32. Bg2 h4 33. g4 Rf8 34. b5 Na5 35. Qc2 Qg3+ 36. Kf1 Nc4 37. Rdd3 Nxe3+ 38. Rxe3 Bxe3 39. Qe2 Qf4+ 40. Qf3 Bxc1 0-1

[Event "Budapest Gyorgy Memorial 2nd"]
[Site "Budapest"]
[Date "2017.10.13"]
[Round "2.4"]
[White "Magyar, Erik Ferenc"]
[Black "Janik, Marek Tobias"]
[Result "1/2-1/2"]
[WhiteElo "1459"]
[BlackElo "1455"]
[PlyCount "117"]
[EventDate "2017.10.12"]
[EventType "swiss"]
[EventRounds "7"]
[EventCountry "HUN"]
[SourceTitle "EXT 2019"]
[Source "ChessBase"]
[SourceDate "2018.10.10"]
[SourceVersion "1"]
[SourceVersionDate "2018.10.10"]
[SourceQuality "1"]

1. e4 e6 2. d4 d5 3. Nc3 dxe4 4. Nxe4 Bd7 5. Nf3 Bc6 6. Bd3 Nd7 7. 0-0 Ngf6 8. Bg5 Be7 9. Nxf6+ Nxf6 10. c3 h6 11. Bh4 Bxf3 12. Qxf3 Qd5 13. Qxd5 Nxd5 14. Bg3 0-0-0 15. Rfe1 g5 16. Be4 h5 17. f3 Rde8 18. Re2 h4 19. Bf2 Nf4 20. Re3 f5 21. Bc2 g4 22. fxg4 fxg4 23. Be1 Bg5 24. Re5 Rhg8 25. Bf2 Ref8 26. Rf1 Kd7 27. Ree1 h3 28. g3 Nd5 29. Re2 Rf6 30. Rfe1 Rgf8 31. Bb3 c6 32. Bxd5 cxd5 33. Be3 Bxe3+ 34. Rxe3 Rf2 35. R3e2 R2f6 36. Rd2 Kd6 37. Rde2 b5 38. b3 a5 39. Rb2 Rc8 40. Rc2 Rf3 41. Rec1 Rf7 42. Rf2 Rfc7 43. Rfc2 b4 44. c4 dxc4 45. Rxc4 Rxc4 46. bxc4 a4 47. Kf2 b3 48. axb3 axb3 49. Ke3 b2 50. Rb1 Rxc4 51. Rxb2 Kd5 52. Rd2 e5 53. dxe5+ Kxe5 54. Rb2 Re4+ 55. Kd3 Rd4+ 56. Ke3 Re4+ 57. Kf2 Rd4 58. Rb5+ Ke4 59. Ke2 1/2-1/2

[Event "Budapest Gyorgy Memorial 2nd"]
[Site "Budapest"]
[Date "2017.10.12"]
[Round "1.4"]
[White "Kozsik, Bende Barnabas"]
[Black "Magyar, Erik Ferenc"]
[Result "1-0"]
[WhiteElo "1851"]
[BlackElo "1459"]
[PlyCount "149"]
[EventDate "2017.10.12"]
[EventType "swiss"]
[EventRounds "7"]
[EventCountry "HUN"]
[SourceTitle "EXT 2019"]
[Source "ChessBase"]
[SourceDate "2018.10.10"]
[SourceVersion "1"]
[SourceVersionDate "2018.10.10"]
[SourceQuality "1"]

1. e4 e5 2. Nc3 Nc6 3. Bc4 Bc5 4. Qg4 g6 5. Qf3 Nf6 6. d3 Nd4 7. Qd1 0-0 8. Be3 d6 9. h3 Be6 10. Bb3 Re8 11. Nge2 Nd7 12. Qd2 Bxb3 13. axb3 Nxe2 14. Qxe2 a6 15. h4 Bxe3 16. fxe3 Nf6 17. g4 c6 18. 0-0-0 Nd7 19. h5 g5 20. h6 f6 21. Rdf1 Re6 22. Rf5 Qe8 23. Qf2 Qg6 24. Ne2 Rae8 25. Rh5 b5 26. Ng1 Kh8 27. Nh3 R6e7 28. Qh2 Rg8 29. Qd2 Qe8 30. Qf2 Rg6 31. Qf3 Kg8 32. Ng1 Rf7 33. Ne2 Qf8 34. Qh1 Qe8 35. Ng3 Nf8 36. Rf1 Qc8 37. Nf5 Qd7 38. Kd2 Ne6 39. Ra1 Nc7 40. Ke2 Kf8 41. Qg2 Ke8 42. Rhh1 Qd8 43. Qh3 Kd7 44. b4 Qc8 45. Qh2 Qf8 46. Rhd1 Qe8 47. d4 Qf8 48. Rd2 Ke6 49. dxe5 dxe5 50. Rad1 Ne8 51. Qf2 Qxb4 52. Ng3 Rxh6 53. Qf5+ Ke7 54. Rd7+ Kf8 55. Rxf7+ Kxf7 56. Rd7+ Kf8 57. Qe6 Qc4+ 58. Qxc4 bxc4 59. Nf5 Rh2+ 60. Kd1 Rh1+ 61. Kd2 Rh2+ 62. Kc3 Rg2 63. Ra7 Rxg4 64. Nh6 Nd6 65. Ra8+ Ke7 66. Nxg4 Nxe4+ 67. Kxc4 h5 68. Nh2 f5 69. Rh8 Ng3 70. Kd3 e4+ 71. Kd2 f4 72. exf4 gxf4 73. Ke1 f3 74. Nf1 Nf5 75. Rxh5 1-0